Empresa EMI- Nicaragua en el proyecto denominado Campamento Bodeuco

Este informe tiene como fin dar a conocer todas las labore cumplidas y todas las experiencias adquiridas en las prácticas profesionales en la empresa eMi NICARAGUA, con el objetivo de optar el título de Arquitecto, siguiendo el cumplimiento del reglamento de la Universidad Nacional de Ingeniería-...

Full description

Bibliographic Details
Main Author: Peugnet, Heyzel de Los Ángeles
Other Authors: Tutor: Benavidez González, Wildghem Ramón
Format: Tesis Section = Libro
Language:Undetermined
Spanish
Published: Managua UNI 2021
Subjects:
LEADER 01041nam a2200217Ia 4500
008 240830s9999 xx 000 0 und d
040 |a BIBLIOTECA-RUSB/ Mon 721 P514 
041 |a spa 
082 |a Mon 721 P514 
100 1 |a Peugnet, Heyzel de Los Ángeles 
245 1 0 |a Empresa EMI- Nicaragua en el proyecto denominado Campamento Bodeuco 
260 |a Managua  |b UNI  |c 2021 
300 |a 125 p.: il. 
500 |a Incluye anexos y CD. 
502 |a Tesis (Arquitecto) - UNI, 2015. 
520 3 |a Este informe tiene como fin dar a conocer todas las labore cumplidas y todas las experiencias adquiridas en las prácticas profesionales en la empresa eMi NICARAGUA, con el objetivo de optar el título de Arquitecto, siguiendo el cumplimiento del reglamento de la Universidad Nacional de Ingeniería- UNI. 
650 7 |a PRACTICAS PROFESIONALES 2. DISEÑO Y EVALUACION DE PROYECTOS 3. DISEÑO ARQUITECTONICO 4. FORMACION PROFESIONAL 
700 1 |a Tutor:  |b Benavidez González, Wildghem Ramón 
942 |c BK  |2 ddc 
991 |a TESIS 
999 |c 22212